Valtiot, joilla on sama nimi suomeksi ja portugaliksi - Statistics

Yleistilastot
  • Tätä visaa on pelattu 14 kertaa
  • Keskiarvotulos 41 / 65
Vastaustilastot
Maanosa Valtio % Oikein
Eurooppa Andorra
91%
Eurooppa Italia
91%
Afrikka Angola
82%
Oseania Australia
82%
Pohjois-Amerikka Costa Rica
82%
Eurooppa Malta
82%
Eurooppa Monaco
82%
Eurooppa Montenegro
82%
Oseania Palau
82%
Etelä-Amerikka Suriname
82%
Oseania Tuvalu
82%
Oseania Vanuatu
82%
Etelä-Amerikka Chile
73%
Pohjois-Amerikka Dominica
73%
Pohjois-Amerikka El Salvador
73%
Pohjois-Amerikka Guatemala
73%
Pohjois-Amerikka Haiti
73%
Pohjois-Amerikka Honduras
73%
Oseania Nauru
73%
Pohjois-Amerikka Nicaragua
73%
Pohjois-Amerikka Panama
73%
Afrikka Ruanda
73%
Oseania Samoa
73%
Afrikka Togo
73%
Oseania Tonga
73%
Etelä-Amerikka Venezuela
73%
Eurooppa Albania
64%
Pohjois-Amerikka Barbados
64%
Eurooppa Bulgaria
64%
Afrikka Gambia
64%
Aasia Israel
64%
Oseania Kiribati
64%
Eurooppa Kosovo
64%
Eurooppa Liechtenstein
64%
Afrikka Malawi
64%
Afrikka Mali
64%
Afrikka Niger
64%
Afrikka Nigeria
64%
Etelä-Amerikka Peru
64%
Eurooppa San Marino
64%
Afrikka Somalia
64%
Pohjois-Amerikka Belize
55%
Etelä-Amerikka Bolivia
55%
Afrikka Botswana
55%
Aasia Brunei
55%
Afrikka Burundi
55%
Aasia Indonesia
55%
Aasia Nepal
55%
Afrikka Senegal
55%
Aasia Sri Lanka
55%
Afrikka Tunisia
55%
Afrikka Uganda
55%
Aasia Armenia
45%
Aasia Bangladesh
45%
Afrikka Etiopia
45%
Aasia Laos
45%
Afrikka Liberia
45%
Afrikka Mauritania
45%
Afrikka Djibouti
36%
Aasia Georgia
36%
Aasia Mongolia
36%
Afrikka Namibia
36%
Afrikka Burkina Faso
27%
Aasia Jordania
27%
Aasia Taiwan
18%
Ehtoja vastaavia visoja ei löytynyt
Tulosjakauma
Jokaisen tuloksen saaneiden osuus
Persentiili vastausten määrän mukaan
Tuloshistoriasi
Et ole pelannut tätä visaa